| 000 | 00578nam a2200193Ia 4500 | ||
|---|---|---|---|
| 003 | GCL | ||
| 008 | 140319s9999 xx 000 0 ara d | ||
| 040 |
_aGCL / _cGCL |
||
| 082 | 0 | 4 |
_a373.1 _bا ا |
| 100 | 1 | _aامينة احمد حسن | |
| 245 | 1 | 0 |
_aاراء هامة لطلاب الثانوية العامة / _cامينة احمد حسن |
| 260 |
_a[S.N] : _bدار المعارف |
||
| 300 | _a117ص | ||
| 490 |
_aاقرأ _v0 |
||
| 650 | 0 | 4 | _aالتعليم |
| 650 | 0 | 4 | _aعلم النفس التربوى |
| 650 | 0 | 4 | _aالتعليم الثانوى |
| 942 |
_2ddc _cBK |
||
| 999 |
_c43370 _d43370 |
||